Retrouve le film - Statistiques

Statistiques générales
  • Ce quiz a été pris 91 fois
  • Le résultat moyen est 9 sur 15
Statistiques - réponses
Titre en anglais Titre original % Correct
Visitors Les visiteurs
96%
Untouchables Intouchables
95%
The big blue Le grand bleu
85%
Santa Claus is a jerk Le père noël est une ordure
79%
The City Of Fear La cité de la peur
77%
Rio is no longer responding Rio ne répond plus
65%
The Killer Uncles Les tontons flingueurs
63%
The Hole Le trou
63%
The Dinner Game Le dîner de cons
52%
Forbidden games Jeux interdits
48%
The Fabulous Destiny Of Amélie Poulain Le fabuleux destin d'Amélie Poulain
40%
The Great Escape La grande vadrouille
33%
Hatred La Haine
32%
Crossing Paris La traversée de Paris
25%
The Howling Of The Wolf Le chant du loup
25%
Aucun quiz correspondant
Distribution des résultats
% des personnes avec chaque résultat
Percentile par nombre de réponses
Votre historique - résultats
Vous n’avez pas pris ce quiz